000 01235nam a2200277 a 4500
001 49524
003 BD-RjUL
005 20211209054706.0
008 160821s1962 ne ao 100 0 eng d
035 _a(BD-RjUL) 49643
040 _aDLC
_cMNM
_dBD-RjUL
_beng
041 _aeng
082 _223
_a352.008
_bLOC 1962
111 2 _aWorld Conference of Local Governments
_d(1961 :
_cWashington, D.C.)
_9148566
245 1 0 _aLocal government structure and organization :
_bproblems of metropolitan areas : papers presented at the World Conference of Local Governments, June 15-20, 1961 /
_cInternational Union of Local Authorities
260 _aThe Hague :
_bM. Nijhoff for the International Union of Local Authorities,
_c1962.
300 _a119 p. :
_bill ;
_c23 cm.
490 1 _aInternational Union of Local Authorities ;
_v62
500 _aThe 1961 meeting of the International Union of Local Authorities.
650 0 _aLocal government.
_9148567
650 0 _aMetropolitan government.
_9128364
710 2 _aInternational Union of Local Authorities.
_9148568
710 2 _aInternational Union of Local Authorities.
_bCongress.
_9148569
830 0 _aInternational Union of Local Authorities (Series) ;
_v62.
_9148570
942 _2ddc
_cBK
999 _c49524
_d49524